Dogs Multiple Choice 2 - Statistics

General Stats
  • This quiz has been taken 140 times
  • The average score is 7 of 10
Answer Stats
Question Answer % Correct
Which dog is a Chow Chow?
96%
Which dog is a Basenji?
89%
Which dog is a Dachshund?
89%
Which dog is a Tibetan Mastiff?
79%
Which dog is a Brittany?
71%
Which dog is an Afghan Hound?
71%
Which dog is a Pumi?
68%
Which dog is a Redbone Coonhound?
57%
Which dog is a Mudi?
54%
Which dog is a Lurcher?
54%
No matching quizzes found
Score Distribution
Percent of People with Each Score
Percentile by Number Answered
Your Score History
You have not taken this quiz